Statistics for Speech and Debate Events

Click here to take the quiz!

General Stats

  • This quiz has been taken 54 times
  • The average score is 9 of 23

Answer Stats

Event% Correct
Lincoln-Douglas
90%
Public Forum
83%
Policy
73%
Dramatic Interpretation
71%
Congressional
68%
Humorous Interpretation
63%
Duo Interpretation
59%
Original Oratory
51%
Impromptu
49%
Poetry
46%
World Schools
44%
Big Questions
37%
Informative Speaking
34%
Program Oral Interpretation
34%
Prose
34%
International Extemporaneous Speaking
24%
United States Extemporaneous Speaking
24%
Expository
22%
Extemperaneous
12%
Storytelling
12%
Commentary
7%
Declemation
2%
Mixed Extemporaneous Speaking
2%

Score Distribution

Percentile by Number Answered

Percent of People with Each Score

Your Score History

You have not taken this quiz